'I' Sorting Gallery Quiz Stats

 Plays Quiz Updated Jan 12, 2019

     
Support Sporcle.
Go Orange.
Score 0/55 Timer 04:00
0 Plays Today
% Correct
Istanbul
92.7%
Iraq
92.2%
Iran
92.1%
Inflammatory Bowel Disease
91.6%
Indianapolis
91.5%
Ireland
91.3%
Iceland
91.3%
Italy
90.8%
Iguana
90.5%
India
90.4%
Israel
90%
Immunodeficiency
89.8%
Indonesia
88.5%
Infertility
88.5%
Influenza
88.2%
Icefish
88.2%
Infection
88.1%
Idaho
86.8%
Illinois
86.8%
Ingrown Toenail
86.6%
Innsbruck
86.2%
Iron
85.8%
Iowa
85.7%
Irritable Bowel Syndrome
85.7%
Iridium
85.4%
Indium
85.3%
Iodine
85.3%
Insomnia
85.1%
% Correct
Inchworm
84.4%
Incontinence
82.5%
Isosceles
82%
Impedimenta
80.7%
Impervius
80.5%
Immobulus
80.4%
Ibis
78.2%
Ibex
77.8%
Impala
77.8%
Iverson
77.7%
Incendio
77.6%
Imperio
76%
Incarcerous
74%
Inverness
73.7%
Irkutsk
71.9%
Icarus
71.5%
Isfahan
71.4%
Imhoff
64.8%
Izmir
64.7%
Ixtapaluca
61.7%
Issel
61%
Ilgauskas
52%
Iguodala
50.7%
Incheon
47.6%
Iași
35.2%
Iapyx
25.4%
Indri
15.6%

From the Vault

The 12 Apostles of Jesus

by sproutcm

Despite what the movie Dogma says, we're not going to include Rufus.
Remove Ads.
Support Sporcle.
Get the best of Sporcle when you Go Orange. This ad-free experience offers more features, more stats, and more fun while also helping to support Sporcle. Thank you for becoming a member.

Show Comments

Extras

Top Quizzes Today


Score Distribution

Your Account Isn't Verified!

In order to create a playlist on Sporcle, you need to verify the email address you used during registration. Go to your Sporcle Settings to finish the process.

Report this User

Report this user for behavior that violates our Community Guidelines.

Details: